000 00315nam a2200133Ia 4500
008 231129s1979||||xx |||||||||||||| ||spa||
040 _bspa
082 _a823 G796r
100 _aGreene Graham
245 0 _aEl reves de la trama
260 _c1979
264 _aBuenos Aires (Argentina) : Sur
942 _2ddc
_cBKS
999 _c12318
_d12318